Economic and Social Processes in the Society Reflected in Tax Administration in Slovakia

Legislatívny rámec daňovej správy v SR (procesné právne predpisy a spôsobilé právne predpisy). Legislatívny rámec procesného aspektu daňovej správy od vzniku SR. Procesy, inštitucionálny rámec a štruktúra daňovej správy v SR. Hodnotenie vybraných oblastí finančnej správy v SR. Účinnosť daňových kont...

Full description

Saved in:
Bibliographic Details
Main Author: Ihnatišinová, Denisa, 1983-
Format: Book Chapter
Language:English
Subjects:
Tags: Add Tag
No Tags, Be the first to tag this record!

MARC

LEADER 00000naa$a2200000$$$4500
001 0256759
005 20240502083729.8
041 0 |a eng 
044 |a PL 
245 1 0 |a Economic and Social Processes in the Society Reflected in Tax Administration in Slovakia  |c Denisa Ihnatišinová 
520 |a Legislatívny rámec daňovej správy v SR (procesné právne predpisy a spôsobilé právne predpisy). Legislatívny rámec procesného aspektu daňovej správy od vzniku SR. Procesy, inštitucionálny rámec a štruktúra daňovej správy v SR. Hodnotenie vybraných oblastí finančnej správy v SR. Účinnosť daňových kontrol a finančnej administratívy. 
610 2 0 |a dane 
610 2 0 |a správa daňová 
610 2 0 |a kontrola daňová 
610 2 0 |a zaťaženie daňové 
610 2 0 |a úrady daňové 
100 1 |a Ihnatišinová, Denisa, 1983-